[Event "37th Reykjavik op"]
[Site "Reykjavik ISL"]
[Date "2024.03.18"]
[Round "6.27"]
[White "Dauner, Benedikt"]
[Black "Gortemaker, Lucas"]
[WhiteElo "2366"]
[BlackElo "2032"]
[Result "1-0"]
[EventDate "2024.03.15"]
[PlyCount "81"]

1. e4 { [%eval 0.13] [%clk 1:30:13] } 1... c6 { [%eval 0.24] [%clk 1:30:07] } 2. d4 { [%eval 0.28] [%clk 1:30:36] } 2... d5 { [%eval 0.31] [%clk 1:30:33] } 3. e5 { [%eval 0.19] [%clk 1:31:00] } 3... Bf5 { [%eval 0.38] [%clk 1:30:56] } 4. h4 { [%eval 0.16] [%clk 1:31:17] } 4... h6 { [%eval 0.28] [%clk 1:31:18] } 5. g4 { [%eval 0.4] [%clk 1:28:58] } 5... Bd7 { [%eval 0.59] [%clk 1:31:24] } 6. h5 { [%eval 0.39] [%clk 1:27:53] } 6... Qc8 { [%eval 0.92] [%clk 1:31:10] } 7. Be2 { [%eval 0.82] [%clk 1:25:59] } 7... e6 { [%eval 0.95] [%clk 1:30:02] } 8. Be3 { [%eval 1.1] [%clk 1:24:07] } 8... c5 { [%eval 1.14] [%clk 1:29:02] } 9. c3 { [%eval 1.09] [%clk 1:24:15] } 9... Nc6 { [%eval 1.16] [%clk 1:26:39] } 10. f4 { [%eval 1.16] [%clk 1:18:51] } 10... b6 { [%eval 1.55] [%clk 1:22:05] } 11. Nf3 { [%eval 1.57] [%clk 1:18:32] } 11... Qb7 { [%eval 1.49] [%clk 1:21:28] } 12. Nbd2 { [%eval 1.59] [%clk 1:09:21] } 12... Rc8 { [%eval 1.95] [%clk 1:19:36] } 13. Kf2 { [%eval 1.6] [%clk 1:06:32] } 13... Nb8 { [%eval 2.13] [%clk 1:08:04] } 14. Nf1 { [%eval 2.1] [%clk 1:02:43] } 14... Ne7 { [%eval 1.98] [%clk 1:03:50] } 15. Ng3 { [%eval 2.07] [%clk 1:02:24] } 15... Nec6 { [%eval 2.15] [%clk 1:02:28] } 16. g5 { [%eval 2.35] [%clk 0:59:34] } 16... cxd4 { [%eval 2.28] [%clk 1:01:10] } 17. cxd4 { [%eval 2.36] [%clk 0:59:10] } 17... Na5 { [%eval 2.31] [%clk 0:52:01] } 18. b3 { [%eval 2.0] [%clk 0:55:07] } 18... Ba3 { [%eval 2.36] [%clk 0:51:05] } 19. g6 { [%eval 2.08] [%clk 0:54:42] } 19... Qc7?! { [%eval 2.94] } { Inaccuracy. O-O was best. } { [%clk 0:45:01] } (19... O-O 20. f5) 20. gxf7+ { [%eval 2.76] [%clk 0:54:34] } 20... Kxf7 { [%eval 2.71] [%clk 0:45:25] } 21. Bd3 { [%eval 2.73] [%clk 0:52:15] } 21... Rhf8 { [%eval 3.46] [%clk 0:44:46] } 22. Bh7 { [%eval 2.75] [%clk 0:50:52] } 22... Be8 { [%eval 3.46] [%clk 0:35:28] } 23. f5 { [%eval 2.82] [%clk 0:46:23] } 23... Qc2+ { [%eval 2.96] [%clk 0:34:56] } 24. Ne2 { [%eval 2.9] [%clk 0:45:50] } 24... Qxd1?! { [%eval 4.13] } { Inaccuracy. exf5 was best. } { [%clk 0:34:33] } (24... exf5 25. Qxc2 Rxc2 26. Bxf5 Rc7 27. Bh7 Nbc6 28. Rag1 Bd7 29. Rg3 Ke8 30. Rxg7 Bg4 31. Rxg4) 25. Raxd1?! { [%eval 3.13] } { Inaccuracy. fxe6+ was best. } { [%clk 0:46:07] } (25. Rc1 Qxh1 26. Rxh1 { [%clk 0:46:07] } 26... exf5 { [%clk 0:30:05] }) (25. fxe6+ Kxe6 26. Raxd1 Kf7 27. Rdg1 Nac6 28. Rh4 Rh8 29. Rf4+ Ke7 30. Bf5 Rc7 31. Rfg4 Kd8) 25... exf5 { [%eval 3.21] [%clk 0:30:05] } 26. Nf4 { [%eval 3.56] [%clk 0:46:14] } 26... Rc2+ { [%eval 3.88] [%clk 0:27:28] } 27. Rd2 { [%eval 3.57] [%clk 0:45:05] } 27... Rxd2+ { [%eval 3.81] [%clk 0:25:50] } 28. Bxd2 { [%eval 3.89] [%clk 0:45:19] } 28... Bd7 { [%eval 4.18] [%clk 0:23:35] } 29. Nxd5 { [%eval 3.93] [%clk 0:27:59] } 29... Rd8 { [%eval 3.63] [%clk 0:19:59] } 30. Nf4 { [%eval 4.0] [%clk 0:27:46] } 30... Bc6 { [%eval 4.23] [%clk 0:18:18] } 31. e6+ { [%eval 4.39] [%clk 0:25:52] } 31... Kf6 { [%eval 4.7] [%clk 0:17:20] } 32. Rg1 { [%eval 4.52] [%clk 0:25:25] } 32... Bf8?! { [%eval 5.8] } { Inaccuracy. Bxf3 was best. } { [%clk 0:15:15] } (32... Bxf3 33. Rg6+ Ke7 34. Rxg7+ Kd6 35. Kxf3 Nac6 36. Bxf5 Nxd4+ 37. Ke4 Nxf5 38. Kxf5 Rf8+ 39. Ke4) 33. Rg6+ { [%eval 5.56] [%clk 0:25:46] } 33... Ke7 { [%eval 5.79] [%clk 0:15:32] } 34. Bb4+ { [%eval 5.85] [%clk 0:26:11] } 34... Ke8?! { [%eval 8.93] } { Inaccuracy. Rd6 was best. } { [%clk 0:15:48] } (34... Rd6 35. d5 Be8 36. Nd4 Kd8 37. e7+ Bxe7 38. Rxd6+ Bxd6 39. Bxd6 Nd7 40. Nde6+ Kc8 41. Bxf5) 35. e7 { [%eval 8.11] [%clk 0:24:18] } 35... Bxe7 { [%eval 7.78] [%clk 0:16:09] } 36. Re6?! { [%eval 5.22] } { Inaccuracy. Rxg7 was best. } { [%clk 0:24:43] } (36. Rxg7 Kd7 37. Bxe7 Re8 38. Bxf5+ Kc7 39. Ne5 Kb7 40. b4 Ka8 41. bxa5 Bb7 42. Bd6 bxa5) 36... Rd7 { [%eval 5.1] [%clk 0:15:37] } 37. d5 { [%eval 4.4] [%clk 0:24:29] } 37... Bxd5 { [%eval 5.13] [%clk 0:12:44] } 38. Nxd5 { [%eval 5.08] [%clk 0:24:05] } 38... Nac6 { [%eval 5.51] [%clk 0:11:43] } 39. Nxe7 { [%eval 5.55] [%clk 0:13:09] } 39... Nxb4 { [%eval 6.38] [%clk 0:06:25] } 40. Nc6+ { [%eval 6.47] [%clk 0:10:19] } 40... Kf7 { [%eval 6.86] [%clk 0:06:49] } 41. Nfd4 { [%eval 6.93] [%clk 0:10:23] } 1-0

[Event "37th Reykjavik op"]
[Site "Reykjavik ISL"]
[Date "2024.03.18"]
[Round "6.29"]
[White "Weigand, Anton"]
[Black "Moksh Amit, Doshi"]
[WhiteElo "2036"]
[BlackElo "2353"]
[Result "0-1"]
[EventDate "2024.03.15"]
[PlyCount "66"]

1. e4 { [%eval 0.13] [%clk 1:30:54] } 1... c5 { [%eval 0.33] [%clk 1:26:58] } 2. c3 { [%eval 0.04] [%clk 1:30:45] } 2... d5 { [%eval 0.23] [%clk 1:26:57] } 3. exd5 { [%eval 0.17] [%clk 1:31:07] } 3... Qxd5 { [%eval 0.18] [%clk 1:27:21] } 4. d4 { [%eval 0.11] [%clk 1:31:29] } 4... Nf6 { [%eval 0.12] [%clk 1:27:45] } 5. Nf3 { [%eval 0.0] [%clk 1:31:53] } 5... e6 { [%eval 0.25] [%clk 1:28:08] } 6. Na3 { [%eval 0.13] [%clk 1:32:10] } 6... a6 { [%eval 0.37] [%clk 1:28:31] } 7. Nc4 { [%eval 0.14] [%clk 1:29:59] } 7... Nbd7 { [%eval 0.25] [%clk 1:28:55] } 8. Be2 { [%eval 0.31] [%clk 1:27:58] } 8... b5 { [%eval 0.35] [%clk 1:29:13] } 9. Ne3 { [%eval 0.36] [%clk 1:28:23] } 9... Qc6 { [%eval 0.27] [%clk 1:29:24] } 10. a4 { [%eval 0.33] [%clk 1:28:16] } 10... Bb7 { [%eval 0.25] [%clk 1:29:42] } 11. axb5 { [%eval 0.13] [%clk 1:28:38] } 11... axb5 { [%eval 0.19] [%clk 1:30:06] } 12. Rxa8+ { [%eval 0.11] [%clk 1:29:00] } 12... Bxa8 { [%eval 0.12] [%clk 1:30:31] } 13. dxc5 { [%eval 0.16] [%clk 1:28:38] } 13... Qxc5 { [%eval 0.08] [%clk 1:26:03] } 14. O-O { [%eval 0.06] [%clk 1:26:52] } 14... Be7 { [%eval 0.26] [%clk 1:26:27] } 15. Nc2 { [%eval 0.29] [%clk 1:19:35] } 15... O-O { [%eval 0.28] [%clk 1:19:34] } 16. Nfd4 { [%eval 0.33] [%clk 1:16:20] } 16... Rb8 { [%eval 0.14] [%clk 1:16:11] } 17. Be3 { [%eval 0.0] [%clk 1:12:23] } 17... Qd5 { [%eval 0.0] [%clk 1:10:35] } 18. f3 { [%eval -0.09] [%clk 1:05:06] } 18... Ne5 { [%eval -0.11] [%clk 0:56:22] } 19. Bf2 { [%eval -0.34] [%clk 1:03:53] } 19... Ng6 { [%eval -0.35] [%clk 0:52:51] } 20. Qa1?! { [%eval -1.03] } { Inaccuracy. Qc1 was best. } { [%clk 0:43:10] } (20. Qc1 e5) 20... Nf4 { [%eval -1.12] [%clk 0:43:31] } 21. Bxb5 { [%eval -0.96] [%clk 0:42:10] } 21... Qg5 { [%eval -0.79] [%clk 0:35:26] } 22. Bg3 { [%eval -0.71] [%clk 0:35:57] } 22... N6h5 { [%eval -0.9] [%clk 0:34:33] } 23. Bxf4 { [%eval -0.97] [%clk 0:25:08] } 23... Qxf4?! { [%eval -0.34] } { Inaccuracy. Nxf4 was best. } { [%clk 0:29:27] } (23... Nxf4 24. g3 e5 25. Nc6 Bxc6 26. Bxc6 Ne2+ 27. Kh1 Nxg3+ 28. hxg3 Qh6+ 29. Kg2 Qxc6 30. Qa7) 24. Qe1?! { [%eval -1.21] } { Inaccuracy. Rf2 was best. } { [%clk 0:15:14] } (24. Rf2 Qc7 25. b4 e5 26. Nf5 Bf6 27. Bd3 Nf4 28. Bf1 h5 29. Nce3 g6 30. Ng3 Bg5) 24... Bd6?! { [%eval -0.54] } { Inaccuracy. Bc5 was best. } { [%clk 0:27:06] } (24... Bc5 25. b4) 25. g3 { [%eval -0.56] [%clk 0:13:55] } 25... Qg5 { [%eval -0.41] [%clk 0:27:26] } 26. c4? { [%eval -1.71] } { Mistake. Bd3 was best. } { [%clk 0:09:46] } (26. Bd3) 26... e5 { [%eval -1.59] [%clk 0:23:18] } 27. Ne2? { [%eval -3.36] } { Mistake. Nc6 was best. } { [%clk 0:09:23] } (27. Nc6 Rc8) 27... Bc5+ { [%eval -3.26] [%clk 0:22:16] } 28. Kg2 { [%eval -3.35] [%clk 0:08:00] } 28... e4 { [%eval -3.73] [%clk 0:22:26] } 29. f4 { [%eval -4.5] [%clk 0:06:39] } 29... e3+ { [%eval -4.96] [%clk 0:21:06] } 30. Kh3?? { [%eval #-6] } { Checkmate is now unavoidable. Kg1 was best. } { [%clk 0:06:51] } (30. Kg1 Qg6 31. Ncd4 Bxd4 32. Nxd4 e2 33. Rf3 Bxf3 34. Nxf3 Nxf4 35. Qc3 Qb6+ 36. c5 Qxb5) 30... Qf5+?? { [%eval -6.97] } { Lost forced checkmate sequence. Qh6 was best. } { [%clk 0:20:25] } (30... Qh6 31. Bc6 Bxc6 32. g4 Nxf4+ 33. Kg3 Nxe2+ 34. Qxe2 Bd6+ 35. Rf4 Bxf4#) 31. g4 { [%eval -6.88] [%clk 0:06:46] } 31... Qxc2 { [%eval -6.99] [%clk 0:20:00] } 32. gxh5?! { [%eval -15.02] } { Inaccuracy. f5 was best. } { [%clk 0:07:07] } (32. f5 Nf6 33. Rf4 Qxb2 34. Qd1 Ne4 35. Rxe4 Bxe4 36. Kg3 Qe5+ 37. Kh3 Bb7 38. Bd7) 32... Qf5+ { [%eval -12.36] [%clk 0:20:03] } 33. Kg3 { [%eval #-12] [%clk 0:06:48] } 33... Qxh5 { [%eval #-11] [%clk 0:20:22] } 0-1

[Event "37th Reykjavik op"]
[Site "Reykjavik ISL"]
[Date "2024.03.18"]
[Round "6.30"]
[White "Sachi, Jain"]
[Black "Bjorn, Thorfinnsson"]
[WhiteElo "1992"]
[BlackElo "2353"]
[Result "1/2-1/2"]
[EventDate "2024.03.15"]
[PlyCount "85"]

1. e4 { [%eval 0.13] [%clk 1:28:00] } 1... e5 { [%eval 0.17] [%clk 1:30:56] } 2. Nf3 { [%eval 0.21] [%clk 1:28:02] } 2... Nc6 { [%eval 0.13] [%clk 1:31:20] } 3. Bc4 { [%eval 0.14] [%clk 1:28:19] } 3... Nf6 { [%eval 0.21] [%clk 1:31:42] } 4. d3 { [%eval 0.21] [%clk 1:28:33] } 4... h6 { [%eval 0.44] [%clk 1:31:47] } 5. O-O { [%eval 0.13] [%clk 1:26:45] } 5... d6 { [%eval 0.43] [%clk 1:31:38] } 6. c3 { [%eval 0.43] [%clk 1:26:30] } 6... g6 { [%eval 0.81] [%clk 1:31:31] } 7. Nbd2?! { [%eval 0.17] } { Inaccuracy. d4 was best. } { [%clk 1:24:42] } (7. d4 exd4 8. cxd4 Bg7 9. h3 O-O 10. d5 Ne7 11. Nc3 c6) 7... Bg7 { [%eval 0.34] [%clk 1:31:53] } 8. b4 { [%eval 0.14] [%clk 1:20:27] } 8... O-O { [%eval 0.21] [%clk 1:31:51] } 9. a4 { [%eval 0.14] [%clk 1:19:05] } 9... Kh7 { [%eval 0.34] [%clk 1:23:09] } 10. Bb3 { [%eval 0.35] [%clk 1:12:09] } 10... Bg4 { [%eval 0.64] [%clk 1:21:48] } 11. b5 { [%eval 0.19] [%clk 1:04:08] } 11... Ne7 { [%eval 0.6] [%clk 1:20:41] } 12. h3 { [%eval 0.62] [%clk 1:04:31] } 12... Bd7 { [%eval 0.9] [%clk 1:19:42] } 13. d4 { [%eval 0.96] [%clk 1:04:17] } 13... exd4 { [%eval 0.92] [%clk 1:12:58] } 14. cxd4 { [%eval 0.83] [%clk 0:55:01] } 14... a6 { [%eval 1.0] [%clk 1:12:19] } 15. e5 { [%eval 0.47] [%clk 0:50:44] } 15... Nfd5 { [%eval 0.6] [%clk 1:11:14] } 16. Ba3?! { [%eval -0.45] } { Inaccuracy. b6 was best. } { [%clk 0:41:14] } (16. b6 Nxb6 17. Ne4 dxe5 18. dxe5 Be6 19. Bxe6 Qxd1 20. Rxd1 fxe6 21. Nc5 Rf7 22. Nxe6 Nc6) 16... axb5 { [%eval -0.47] [%clk 1:11:01] } 17. exd6 { [%eval -0.46] [%clk 0:41:01] } 17... cxd6 { [%eval -0.57] [%clk 1:11:05] } 18. Bxd6 { [%eval -0.67] [%clk 0:38:42] } 18... bxa4 { [%eval -0.44] [%clk 1:07:31] } 19. Bxe7 { [%eval -0.47] [%clk 0:33:35] } 19... Nxe7 { [%eval -0.58] [%clk 1:07:48] } 20. Bxa4 { [%eval -0.73] [%clk 0:33:59] } 20... Nc6 { [%eval -0.28] [%clk 1:00:20] } 21. Nb3?! { [%eval -0.93] } { Inaccuracy. Rb1 was best. } { [%clk 0:28:52] } (21. Rb1) 21... Be6 { [%eval -0.42] [%clk 0:57:27] } 22. Bxc6 { [%eval -0.34] [%clk 0:25:45] } 22... Rxa1 { [%eval -0.19] [%clk 0:57:31] } 23. Qxa1 { [%eval -0.46] [%clk 0:25:42] } 23... bxc6 { [%eval -0.55] [%clk 0:57:56] } 24. Qc3 { [%eval -0.46] [%clk 0:25:31] } 24... Bd5 { [%eval -0.52] [%clk 0:57:15] } 25. Nbd2 { [%eval -0.62] [%clk 0:20:04] } 25... Qd6 { [%eval -0.3] [%clk 0:56:32] } 26. Rc1 { [%eval -0.53] [%clk 0:17:30] } 26... Re8 { [%eval -0.58] [%clk 0:56:32] } 27. Re1 { [%eval -0.58] [%clk 0:15:26] } 27... Rxe1+ { [%eval -0.55] [%clk 0:53:20] } 28. Nxe1 { [%eval -0.52] [%clk 0:15:54] } 28... Qe6 { [%eval -0.44] [%clk 0:53:44] } 29. Nef3 { [%eval -0.52] [%clk 0:14:17] } 29... Qe2 { [%eval -0.24] [%clk 0:54:07] } 30. Qe3 { [%eval -0.62] [%clk 0:14:22] } 30... Qd1+ { [%eval -0.47] [%clk 0:54:31] } 31. Kh2 { [%eval -0.49] [%clk 0:14:47] } 31... Qc2 { [%eval -0.51] [%clk 0:53:54] } 32. Ne1 { [%eval -0.69] [%clk 0:13:34] } 32... Qb2 { [%eval -0.66] [%clk 0:53:47] } 33. Nef3 { [%eval -0.54] [%clk 0:13:57] } 33... Qc1 { [%eval -0.56] [%clk 0:48:42] } 34. h4 { [%eval -0.56] [%clk 0:11:45] } 34... Bf8 { [%eval -0.48] [%clk 0:48:43] } 35. Qe5 { [%eval -0.52] [%clk 0:09:39] } 35... Qa3 { [%eval 0.0] [%clk 0:48:28] } 36. Ne4 { [%eval 0.0] [%clk 0:09:15] } 36... Bxe4 { [%eval 0.0] [%clk 0:44:46] } 37. Qxe4 { [%eval 0.0] [%clk 0:09:43] } 37... Qd6+ { [%eval 0.0] [%clk 0:45:03] } 38. Kg1 { [%eval 0.0] [%clk 0:08:34] } 38... Qd5 { [%eval 0.0] [%clk 0:42:48] } 39. Qxd5 { [%eval 0.0] [%clk 0:07:09] } 39... cxd5 { [%eval 0.0] [%clk 0:42:29] } 40. Ne5 { [%eval 0.0] [%clk 0:06:30] } 40... Kg7 { [%eval 0.0] [%clk 0:37:58] } 41. Ng4 { [%eval 0.0] [%clk 0:04:58] } 41... Be7 { [%eval 0.0] [%clk 0:38:09] } 42. g3 { [%eval 0.0] [%clk 0:05:15] } 42... Bf6 { [%eval 0.0] [%clk 0:38:27] } 43. Ne3 { [%eval 0.0] [%clk 0:05:39] } 1/2-1/2

[Event "37th Reykjavik op"]
[Site "Reykjavik ISL"]
[Date "2024.03.18"]
[Round "6.31"]
[White "Fanos, Haralambos"]
[Black "Cieslak, Patryk"]
[WhiteElo "1872"]
[BlackElo "2325"]
[Result "1/2-1/2"]
[EventDate "2024.03.15"]
[PlyCount "97"]

1. c4 { [%eval 0.16] [%clk 1:21:46] } 1... e5 { [%eval 0.25] [%clk 1:30:59] } 2. Nc3 { [%eval 0.13] [%clk 1:22:11] } 2... Nf6 { [%eval 0.07] [%clk 1:30:55] } 3. Nf3 { [%eval 0.0] [%clk 1:22:37] } 3... Nc6 { [%eval 0.11] [%clk 1:31:10] } 4. e3 { [%eval 0.12] [%clk 1:23:03] } 4... d5 { [%eval 0.27] [%clk 1:31:18] } 5. cxd5 { [%eval 0.35] [%clk 1:21:54] } 5... Nxd5 { [%eval 0.43] [%clk 1:31:45] } 6. Bb5 { [%eval 0.36] [%clk 1:22:05] } 6... Nxc3 { [%eval 0.27] [%clk 1:32:10] } 7. dxc3?! { [%eval -0.42] } { Inaccuracy. bxc3 was best. } { [%clk 1:20:52] } (7. bxc3 Bd6 8. d4 Bd7 9. O-O O-O 10. Bd3 f5 11. e4 Qf6) 7... Qxd1+ { [%eval -0.46] [%clk 1:32:16] } 8. Kxd1 { [%eval -0.41] [%clk 1:21:13] } 8... e4 { [%eval -0.43] [%clk 1:17:29] } 9. Nd4 { [%eval -0.63] [%clk 1:19:20] } 9... Bd7 { [%eval -0.19] [%clk 1:12:17] } 10. Nxc6 { [%eval -0.24] [%clk 1:18:42] } 10... bxc6 { [%eval -0.18] [%clk 1:12:43] } 11. Be2 { [%eval -0.18] [%clk 1:18:49] } 11... Bd6 { [%eval -0.06] [%clk 1:11:56] } 12. Kc2 { [%eval -0.27] [%clk 1:17:20] } 12... Ke7 { [%eval -0.11] [%clk 1:11:55] } 13. Bd2 { [%eval -0.03] [%clk 1:14:10] } 13... h5 { [%eval -0.09] [%clk 1:05:06] } 14. h4 { [%eval -0.12] [%clk 1:13:13] } 14... Rh6 { [%eval 0.17] [%clk 1:05:32] } 15. c4 { [%eval 0.14] [%clk 1:10:51] } 15... Rg6 { [%eval 0.24] [%clk 1:03:05] } 16. g3 { [%eval 0.37] [%clk 1:10:47] } 16... Rh8 { [%eval 0.57] [%clk 1:02:03] } 17. b4?! { [%eval 0.0] } { Inaccuracy. Bc3 was best. } { [%clk 1:08:38] } (17. Bc3 c5 18. a3 f6 19. Rhd1 Rgh6 20. Rd2 Rg8 21. b4 Bc6 22. b5 Bd7 23. Rh1 Be6) 17... Bg4?! { [%eval 0.77] } { Inaccuracy. Rf6 was best. } { [%clk 0:56:06] } (17... Rf6 18. Be1 Be5 19. Rb1 c5 20. b5 a6 21. a4 g6 22. a5 Rd8 23. Rd1 Rb8 24. Rb1) 18. Bxg4 { [%eval 0.85] [%clk 1:07:55] } 18... hxg4 { [%eval 1.01] [%clk 0:56:22] } 19. Bc3 { [%eval 0.85] [%clk 1:06:53] } 19... c5 { [%eval 0.96] [%clk 0:49:26] } 20. b5 { [%eval 0.62] [%clk 1:00:17] } 20... Rh5 { [%eval 0.83] [%clk 0:49:36] } 21. a4?! { [%eval 0.1] } { Inaccuracy. Rad1 was best. } { [%clk 0:58:52] } (21. Rad1 Rf5 22. Rd2 f6 23. Kb3 Kd7 24. a4 Rh6 25. a5 Rh8 26. a6 Ke6 27. Ba5 Rc8) 21... Rf5 { [%eval 0.12] [%clk 0:45:43] } 22. Rhf1 { [%eval 0.14] [%clk 0:57:50] } 22... Kf8?! { [%eval 0.81] } { Inaccuracy. f6 was best. } { [%clk 0:36:06] } (22... f6 23. a5 Rh6 24. Rad1 Ke6 25. a6 Rf3 26. Ba5 Rh8 27. Kb2 g6 28. Kb3 Rb8 29. Kc2) 23. a5?! { [%eval 0.05] } { Inaccuracy. Rad1 was best. } { [%clk 0:56:15] } (23. Rad1) 23... Kg8?! { [%eval 0.92] } { Inaccuracy. Be5 was best. } { [%clk 0:36:01] } (23... Be5 24. Bxe5) 24. Kd2?! { [%eval 0.19] } { Inaccuracy. Rad1 was best. } { [%clk 0:54:34] } (24. Rad1) 24... Rh6?! { [%eval 1.21] } { Inaccuracy. Kf8 was best. } { [%clk 0:31:47] } (24... Kf8) 25. Ke2 { [%eval 1.17] [%clk 0:53:15] } 25... Rf3? { [%eval 2.51] } { Mistake. Re6 was best. } { [%clk 0:27:43] } (25... Re6) 26. Rfd1 { [%eval 2.33] [%clk 0:50:57] } 26... Rf5 { [%eval 2.83] [%clk 0:19:36] } 27. Ra2 { [%eval 2.5] [%clk 0:49:20] } 27... Re6 { [%eval 2.28] [%clk 0:05:32] } 28. Rad2 { [%eval 2.3] [%clk 0:48:31] } 28... Re8 { [%eval 2.85] [%clk 0:05:40] } 29. b6?! { [%eval 2.09] } { Inaccuracy. Rxd6 was best. } { [%clk 0:45:12] } (29. Rxd6 cxd6 30. Rxd6 Kf8 31. Rc6 Kg8 32. a6 Kh7 33. Rd6 Re7 34. Ba5 Rf3 35. Rd5 f5) 29... axb6 { [%eval 2.66] [%clk 0:06:07] } 30. axb6 { [%eval 2.14] [%clk 0:45:28] } 30... Rb8 { [%eval 2.39] [%clk 0:06:24] } 31. Rb2 { [%eval 2.22] [%clk 0:39:22] } 31... Be5? { [%eval 4.51] } { Mistake. f6 was best. } { [%clk 0:03:06] } (31... f6 32. Rb5 Bxg3 33. fxg3 cxb6 34. Be1 Ra8 35. Rxb6 Rf3 36. Rb2 Ra3 37. Bf2 Rc3 38. Ra1) 32. Bxe5 { [%eval 4.41] [%clk 0:37:57] } 32... Rxe5 { [%eval 4.24] [%clk 0:03:35] } 33. b7? { [%eval 2.57] } { Mistake. bxc7 was best. } { [%clk 0:38:15] } (33. bxc7 Rxb2+ 34. Kf1 g6 35. c8=Q+ Kh7 36. Kg2 Rf5 37. Rf1 Rb4 38. Qd7 Rxc4 39. Qd1 Rb4) 33... Re7 { [%eval 2.57] [%clk 0:03:02] } 34. Ra1 { [%eval 2.24] [%clk 0:33:51] } 34... Kf8?! { [%eval 3.01] } { Inaccuracy. f6 was best. } { [%clk 0:02:49] } (34... f6 35. Ra8 Ree8 36. Ra5 c6 37. Kd2 Red8+ 38. Kc3 Kf7 39. Rxc5 Rd3+ 40. Kc2 Rd6 41. Rb6) 35. Ra8 { [%eval 3.04] [%clk 0:32:58] } 35... Ree8 { [%eval 2.94] [%clk 0:03:18] } 36. Ra5 { [%eval 2.78] [%clk 0:32:54] } 36... c6 { [%eval 2.92] [%clk 0:02:34] } 37. Rxc5 { [%eval 2.72] [%clk 0:30:51] } 37... Re7 { [%eval 2.75] [%clk 0:02:50] } 38. Rxc6? { [%eval 1.3] } { Mistake. Rh5 was best. } { [%clk 0:27:20] } (38. Rh5) 38... Rexb7 { [%eval 1.09] [%clk 0:03:18] } 39. Rxb7 { [%eval 0.83] [%clk 0:27:27] } 39... Rxb7 { [%eval 0.83] [%clk 0:03:47] } 40. Rd6?! { [%eval 0.21] } { Inaccuracy. Rc5 was best. } { [%clk 0:27:50] } (40. Rc5) 40... Ke7 { [%eval 0.24] [%clk 0:03:10] } 41. Rd4 { [%eval 0.25] [%clk 0:26:25] } 41... f5 { [%eval 0.18] [%clk 0:02:16] } 42. Kd1 { [%eval 0.08] [%clk 0:23:00] } 42... Rb2 { [%eval 0.14] [%clk 0:28:04] } 43. Rd2 { [%eval 0.09] [%clk 0:52:44] } 43... Rb4 { [%eval 0.14] [%clk 0:28:21] } 44. c5 { [%eval 0.08] [%clk 0:49:01] } 44... Rb5 { [%eval 0.23] [%clk 0:24:17] } 45. c6 { [%eval 0.0] [%clk 0:43:57] } 45... Rc5 { [%eval 0.0] [%clk 0:24:07] } 46. Rc2 { [%eval 0.0] [%clk 0:42:56] } 46... Rxc2 { [%eval 0.0] [%clk 0:23:57] } 47. Kxc2 { [%eval 0.0] [%clk 0:43:21] } 47... Kd6 { [%eval 0.0] [%clk 0:24:25] } 48. Kc3 { [%eval 0.0] [%clk 0:40:55] } 48... Kxc6 { [%eval 0.0] [%clk 0:24:53] } 49. Kd4 { [%eval 0.0] [%clk 0:39:26] } 1/2-1/2